000 00300nam a22001097a 4500
020 _a0131362836
100 _aFRED B.CHERNOW,CAROL CHERNOW
245 _aCLASSROOM DISCIPLINE AND CONTROL:101 practical techniques
260 _aNEW YORK
_bPARKER PUBLISHING COMPANY
_c1981
300 _a204
942 _cBK
999 _c251048
_d251048